000 00960nam a2200277 a 4500
999 _c479966
_d479966
003 BLK
005 20241016142534.0
008 221110b bul|||||r ||||||| ||bul||
010 _aKNG00156355000
020 _a9786199141915
040 _aBLK
041 _aBUL
_cBUL
080 _aБългарска литература
_b821.163.2
_x-32
_z821.163.2-32
100 1 _aСтоянов, Христо Недков
_eпърви автор
_9286475
139 _aСтоянов, Христо Недков
_bС 83
245 1 0 _aСто килограма по-късно
_bИзбрани разкази
_cХристо Недков Стоянов.
257 _aBGR
260 _a[Варна]
_bХри100
_c2016
300 _a320 с.
_c21 см
380 _aX
852 _c821.163.2-32/С 83 Х
856 4 _qpdf
_i0.00
_ldisable
856 4 _qpdf
_i0.00
_ldisable
942 _cKNG
_n0
_011
_s1
944 _c2022-11-10
_k30531
_lЦветелина Шанова